| 000 -LEADER |
| fixed length control field |
01631cam a2200241Ii 4500 |
| 020 ## - INTERNATIONAL STANDARD BOOK NUMBER |
| ISBN |
9789811061752 |
| 020 ## - INTERNATIONAL STANDARD BOOK NUMBER |
| ISBN |
9811061750 |
| 040 ## - CATALOGING SOURCE |
| Transcribing agency |
EBLCP |
| 082 04 - DEWEY DECIMAL CLASSIFICATION NUMBER |
| Classification number |
664 WAN 2018 A118 Or. |
| 100 1# - MAIN ENTRY--AUTHOR NAME |
| Personal name |
Wang, Qiang, |
| 245 10 - TITLE STATEMENT |
| Title |
Peanut processing characteristics and quality evaluation / |
| 300 ## - PHYSICAL DESCRIPTION |
| Number of Pages |
1 online resource (559 pages) |
| 500 ## - GENERAL NOTE |
| General note |
3.2.7 Analysis of Sterol and Squalene Contents (HPLC Method) |
| 520 ## - SUMMARY, ETC. |
| Summary, etc |
This book systematically covers the sensory, physical, chemical nutrition, and processing characteristics of different peanut varieties, while also providing an in-depth review of research advances in peanut processing quality. The book goes on to examine the relationship between raw materials and the qualities of peanut protein, peanut oil and other main peanut processing products. As such, it provides a valuable reference guide for research into the raw materials, change mechanisms and control technologies used in peanut processing, laying the groundwork for the development of new disciplines in "grain and oil processing quality". It will be useful for graduate students, researchers, and management groups from multidisciplinary audiences, covering both food science & technology and public health |
| 650 #0 - SUBJECT ADDED ENTRY--TOPICAL TERM |
| Topical Term |
Peanuts |
| 650 #0 - SUBJECT ADDED ENTRY--TOPICAL TERM |
| Topical Term |
Peanut products. |
| 650 #0 - SUBJECT ADDED ENTRY--TOPICAL TERM |
| Topical Term |
Peanut industry. |
| 710 2# - ADDED ENTRY--CORPORATE NAME |
| Corporate name or jurisdiction name as entry element |
Ohio Library and Information Network. |
| 856 40 - ELECTRONIC LOCATION AND ACCESS |
| Uniform Resource Identifier |
http://rave.ohiolink.edu/ebooks/ebc/9789811061752 |
| 856 40 - ELECTRONIC LOCATION AND ACCESS |
| Uniform Resource Identifier |
http://link.springer.com/10.1007/978-981-10-6175-2 |
| 856 40 - ELECTRONIC LOCATION AND ACCESS |
| Uniform Resource Identifier |
http://proxy.ohiolink.edu:9099/login?url=http://link.springer.com/10.1007/978-981-10-6175-2 |
| 942 ## - ADDED ENTRY ELEMENTS (KOHA) |
| Koha item type |
ADB |
| 952 ## - LOCATION AND ITEM INFORMATION (KOHA) |
| Withdrawn status [LOCAL, KOHA] |
0 |